| 000 | 00966nam a22003137a 4500 | ||
|---|---|---|---|
| 003 | CHAP | ||
| 005 | 20220817042040.0 | ||
| 008 | 971013s1978 r 00010 d | ||
| 010 | _a32991 | ||
| 011 | _a33963 | ||
| 035 | _a38079 | ||
| 040 | _cCHAP | ||
| 082 |
_a632.6513 _bN6 |
||
| 100 | 0 | 0 |
_aNorton, Don C. _981831 |
| 245 | _aEcology of plant-parasitic nematodes | ||
| 260 |
_aNew York : _bWiley, _c1978 |
||
| 300 |
_a268 p. _b; gráfs. |
||
| 490 | _aWiley - Interscience publication | ||
| 590 |
_aBATCH-UPD _b10 _c20130110 _lUCH01 _h1900 |
||
| 590 |
_aBATCH-UPD _b10 _c20130410 _lUCH01 _h1228 |
||
| 590 |
_aBATCH-UPD _b10 _c20130914 _lUCH01 _h1248 |
||
| 590 |
_aCONVERSION _b10 _c20130109 _lUCH01 _h1319 |
||
| 650 | 1 | 4 |
_aEcología animal. _935170 |
| 650 | 1 | 4 | _aNemátodos parásitos de plantas. |
| 830 | 0 |
_aWiley - Interscience publication _9121934 |
|
| 901 | _aBK | ||
| 942 | _cLIBRO | ||
| 949 |
_a632.6513 N6 _bBC _cLIBRO _d33724000179859 _eLIBRO _h49608 _i38079 _si |
||
| 999 |
_c32991 _d32991 |
||